Guess the Evanescence songs - Statistics

General Stats
  • This quiz has been taken 76 times
  • The average score is 54 of 89
Answer Stats
Answer % Correct
Bring Me To Life
100%
Going Under
100%
Whisper
94%
Whisper
94%
Whisper
94%
Everybodys Fool
88%
Haunted
88%
My Immortal
88%
My Immortal
88%
Hello
82%
Taking Over Me
82%
Tourniquet
82%
Call Me When You're Sober
76%
Lithium
76%
Sweet Sacrifice
76%
Disappear
71%
imaginary
71%
Imaginary
71%
Imaginary
71%
Anywhere
65%
Even In Death
65%
Even In Death
65%
Lost In Paradise
65%
Made Of Stone
65%
Missing
65%
My Last Breath
65%
Oceans
65%
Secret Door
65%
Snow White Queen
65%
The Change
65%
The End
65%
The End Of The Dream
65%
What You Want
65%
A New Way To Bleed
59%
Broken Pieces Shine
59%
Cloud Nine
59%
Erase This
59%
Farther Away
59%
Good Enough
59%
If You Don't Mind
59%
Lacrymosa
59%
Like You
59%
Lose Control
59%
My Heart Is Broken
59%
Say You Will
59%
Swimming Home
59%
The Last Song I'm Wasting on You
59%
The Only One
59%
The Other Side
59%
Together Again
59%
Understanding
59%
Understanding
59%
Wasted On You
59%
Weight Of The World
59%
Your Star
59%
Ascension Of The Spirit
53%
Breathe No More
53%
Exodus
53%
Field Of Innocence
53%
Lies
53%
Lost Whispers
53%
Never Go Back
53%
Sick
53%
So Close
53%
Solitude
53%
Where Will You Go
53%
Where Will You Go
53%
Yeah Right
53%
All That I Am Living For
47%
Away From Me
47%
Better Without You
47%
Far From Heaven
47%
Feeding The Dark
47%
Give Unto Me
47%
Give Unto Me
47%
Imperfection
47%
Listen To The Rain
47%
Part Of Me
47%
Take Cover
47%
Use My Voice
47%
Artifact/The Turn
41%
Eternal
41%
Forgive Me
41%
Hi-Lo
41%
October
41%
The Game Is Over
41%
Blind Belief
35%
Demise
35%
Across The Universe
24%
No matching quizzes found
Score Distribution
Percent of People with Each Score
Percentile by Number Answered
Your Score History
You have not taken this quiz